Assyrian kings - Statistics

General Stats
  • This quiz has been taken 21 times
  • The average score is 6 of 19
Answer Stats
Period Answer % Correct
669-631 Ashurbanipal
69%
722-705 Sargon II
62%
705-681 Sennacherib
62%
745-727 Tiglath-Pileser III
54%
681-669 Esarhaddon
46%
859-824 Shalmaneser III
38%
783-773 Shalmaneser IV
38%
727-722 Shalmaneser V
38%
884-859 Ashurnasirpal II
31%
773-755 Ashur-dan III
23%
911-891 Adad-nirari II
15%
811-783 Adad-nirari III
15%
631-627 Ashur-etil-ilani
15%
755-745 Ashur-nirari V
15%
612-609 Ashur-uballit II
15%
824-811 Shamshi-Adad V
15%
890-884 Tukulti-Ninurta II
15%
627-612 Shin-shar-ishkun
8%
626 Shin-shumu-lishir
8%
No matching quizzes found
Score Distribution
Percent of People with Each Score
Percentile by Number Answered
Your Score History
You have not taken this quiz